000 01279nam a2200277 a 4500
001 ASIN0071447830
003 Nust- CAS-E
005 20180118181353.0
008 140211s2004 xxu eng d
020 _a0071447830 (hardcover)
_c$150.00
020 _a9780071447836 (hardcover)
040 _c0
050 0 4 _aTK3001
082 0 4 _a621.319
_bPAB 2005
100 1 _aPabla, A.
245 1 0 _aElectric power distribution /
_cA. Pabla.
250 _a1st ed.
260 _a[S.l.] :
_bMcGraw-Hill Professional,
_c2004.
300 _a878 p. ;
_c24 cm.
490 1 _aMcgraw-hill professional engineering.
520 _aThe distribution of electric power is being roiled by new technologies, poor maintenance, and privatisation. This is a single-source reference book for power distribution, from planning fundamentals to preventing catastrophic failure (blackouts) to nuts-and-bolts maintenance. Aimed at working engineers, technicians, and graduate students, this wide-ranging book includes detailed examples and worked real world problems in each chapter.
650 0 _aElectric power distribution
830 0 _aMcgraw-hill professional engineering.
856 4 0 _3Amazon.com
_uhttp://www.amazon.com/exec/obidos/ASIN/0071447830/chopaconline-20
942 _2ddc
_cBK
999 _c355201
_d355201